00826cam a2200241 a 450000500170000000800410001701000150005802000260007303500130009903700130011204000130012508200120013810000240015024000360017424501380021026000360034827000810038430000220046550000560048765000030054365100030054670000350054920031230185550.0940308s1993 enkab b 001 0 eng  aENG-101698 c495.00a9788184000962 aEN-85231 bDBAD/PUB adplbEng a891.4391 aJah,Muhammad Husain aT̤ilism-i hoshrubā.lEnglish10aHoshruba, the land and the tilism :cby Muhammad Husain Jah ; translated from the Urdu by Musharraf Ali FarooqibTilism-e hoshruba /  aNoidabRandom House Indiac2009 aMind Mill Corporate Tower, 2nd Floor, Plot No 24A Sector 16A,bNoidae2013011 a447p.c23cm (pbk) aIncludes bibliographical references (p. [442]-445). 0  aFarooqi, Musharraf Ali d1968-